00791nam a2200181Ia 4500001001000000003000500010008004100015010001100056040000900067082002300076245030500099250000600404260005600410300001100466650005500477650005400532700002300586Para_7538CHAP220125s1978 xx 000 0 und d a206465 cCHAP aPA-C 632.58016 B52 aBibliografía parcial de investigación sobre malezas y su control para América del Sur, América Central, el Caribe y México 1942-1976 + Bibliografía parcial sobre a pesquisa eo controle de ervas daninhas para América do Sul, América Central,as. /c comp. por Herbert H. Fisher [et.al.] a2 aCorvallis, Or :b International Plant Protec Center a241 p. aMalas hierbas x América Latinaxbibliografía  aMalas hierbas x bibliografíaxAmérica Latina aFisher, Herbert H.